| 000 | 00715cam a22002415a 4500 | ||
|---|---|---|---|
| 008 | |||
| 020 | _a143548617X (pbk) | ||
| 049 | _aMAIN | ||
| 090 |
_aT385 _bKAL |
||
| 100 | 1 | _aKalameja, Alan J. | |
| 245 | 1 | 0 |
_aAutoCAD 2010 tutor for engineering graphics / _cAlan J. Kalameja. |
| 260 |
_aClifton Park : _bDelmar Cengage Learning, _cc2010. |
||
| 300 |
_axx, 1034 p. : _bill. ; _c28 cm. + _e1 CD-ROM (4 3/4 in.) |
||
| 500 | _aIncludes index. | ||
| 630 | 0 | 0 | _aAutoCAD |
| 650 | 0 | _aEngineering graphics. | |
| 650 | 0 | _aComputer graphics. | |
| 907 |
_a.b10333800 _b18-07-13 _c19-06-13 |
||
| 003 | |||
| 005 | 20230123122023.0 | ||
| 040 | _cNUST | ||
| 942 |
_cBOOKS _kT385 _mKAL |
||
| 999 |
_c126414 _d126414 |
||